[Event "GER-ch U25 op-A"]
[Site "Oberhof"]
[Date "2013.05.25"]
[Round "9"]
[White "Bastelberger, Julian"]
[Black "Bossert, Felix"]
[Result "1-0"]
[WhiteElo "1710"]
[BlackElo "1522"]
[PlyCount "109"]
[EventDate "2013.05.19"]
[EventType "swiss"]
[EventRounds "9"]
[EventCountry "GER"]
[SourceTitle "CBM 154 Extra"]
[Source "ChessBase"]
[SourceDate "2013.06.25"]
[SourceVersion "2"]
[SourceVersionDate "2013.06.25"]
[SourceQuality "1"]

1. d4 d5 2. c4 c6 3. Nf3 Nf6 4. Nc3 e6 5. e3 Nbd7 6. Qc2 Be7 7. Bd3 Bd6 8. e4 dxe4 9. Nxe4 Nxe4 10. Bxe4 h6 11. Qe2 0-0 12. 0-0 Re8 13. Bc2 e5 14. d5 cxd5 15. cxd5 Qa5 16. Rd1 b5 17. Nd4 a6 18. Nf5 Qc7 19. Bxh6 g6 20. Nxd6 Qxd6 21. Qf3 Bb7 22. h4 Nf6 23. Bb3 Rac8 24. Bg5 Kg7 25. Bxf6+ Qxf6 26. Qxf6+ Kxf6 27. d6 Red8 28. Rd2 Rd7 29. Rad1 Rcd8 30. Kh2 Kg7 31. Kh3 Re8 32. g4 f5 33. gxf5 gxf5 34. Bd5 Bxd5 35. Rxd5 Kf6 36. Rc5 Ke6 37. Rc6 a5 38. h5 e4 39. Kg3 Rh8 40. Rh1 Rxd6 41. Rxd6+ Kxd6 42. Kf4 Ke6 43. h6 Rh7 44. Kg5 Ke5 45. Kg6 Ra7 46. h7 Rxh7 47. Rxh7 Kf4 48. Rf7 e3 49. fxe3+ Kxe3 50. Kxf5 Kd2 51. Rc7 b4 52. Ke4 a4 53. Kd4 b3 54. axb3 axb3 55. Rc3 1-0

[Event "GER-ch U25 op-A"]
[Site "Oberhof"]
[Date "2013.05.20"]
[Round "3"]
[White "Wastian, Jan"]
[Black "Bastelberger, Julian"]
[Result "1-0"]
[WhiteElo "1636"]
[BlackElo "1710"]
[PlyCount "85"]
[EventDate "2013.05.19"]
[EventType "swiss"]
[EventRounds "9"]
[EventCountry "GER"]
[SourceTitle "CBM 154 Extra"]
[Source "ChessBase"]
[SourceDate "2013.06.25"]
[SourceVersion "2"]
[SourceVersionDate "2013.06.25"]
[SourceQuality "1"]

1. e4 c5 2. c3 Nf6 3. e5 Nd5 4. d4 e6 5. Nf3 cxd4 6. cxd4 d6 7. Bc4 Nb6 8. Bd3 Nc6 9. a3 Nd7 10. exd6 Bxd6 11. 0-0 Nf6 12. Nc3 0-0 13. Bg5 Be7 14. Bc2 Re8 15. Qd3 g6 16. Rad1 Nd5 17. Bh6 Bf8 18. Qd2 Bg7 19. Rfe1 Nce7 20. Ne5 Nf6 21. Bg5 Ned5 22. Ba4 Rf8 23. Bb3 Qd6 24. Bh4 b6 25. Nb5 Qd8 26. Bxd5 exd5 27. Qd3 Bf5 28. Qb3 Be6 29. Rc1 a6 30. Nc7 Rc8 31. Nxa6 Qd6 32. Bg3 Qe7 33. Qxb6 Bh6 34. Rc7 Rxc7 35. Qxc7 Qe8 36. Nc5 Bf5 37. Nf3 Qb5 38. Qb7 Qa5 39. h3 Bd2 40. Re2 Bh6 41. Bd6 Bc8 42. Qc6 Rd8 43. Bc7 1-0

[Event "GER-ch U25 op-A"]
[Site "Oberhof"]
[Date "2013.05.19"]
[Round "1"]
[White "Galkin, Wladislaw"]
[Black "Bastelberger, Julian"]
[Result "1-0"]
[WhiteElo "2066"]
[BlackElo "1710"]
[PlyCount "119"]
[EventDate "2013.05.19"]
[EventType "swiss"]
[EventRounds "9"]
[EventCountry "GER"]
[SourceTitle "CBM 154 Extra"]
[Source "ChessBase"]
[SourceDate "2013.06.25"]
[SourceVersion "2"]
[SourceVersionDate "2013.06.25"]
[SourceQuality "1"]

1. c4 Nf6 2. g3 e6 3. Bg2 d5 4. Nf3 Be7 5. 0-0 0-0 6. b3 Nbd7 7. Bb2 b6 8. d3 c6 9. Na3 Bb7 10. Nc2 Qc7 11. e3 e5 12. Nd2 Rac8 13. f4 Rfe8 14. Rc1 Qb8 15. Qe2 Bd6 16. f5 b5 17. d4 bxc4 18. bxc4 Ba6 19. Rb1 Qc7 20. Rfc1 c5 21. dxe5 Nxe5 22. Na3 Neg4 23. Bxf6 Nxf6 24. Nb5 Bxb5 25. Rxb5 d4 26. e4 Rb8 27. Rcb1 Nd7 28. Nf3 f6 29. Ne1 Ne5 30. Qc2 Qf7 31. Bf1 Ng4 32. Bd3 Ne5 33. Qa4 Qc7 34. Qa6 Rxb5 35. Rxb5 Rb8 36. Bc2 Rxb5 37. Qxb5 Qc6 38. Qb3 Qb6 39. Bd3 Kf8 40. Kf2 Ng4+ 41. Kg2 Ke7 42. h3 Ne3+ 43. Kf3 Qc7 44. g4 Bh2 45. Ke2 Bg3 46. Nf3 Kd8 47. Qb5 Qb6 48. a4 Bc7 49. g5 Qd6 50. e5 fxe5 51. Be4 Qf8 52. Qc6 Qd6 53. Qa8+ Ke7 54. Bc6 Bb8 55. Qb7+ Qc7 56. Qa6 Qb6 57. Qc8 Qd8 58. Qe6+ Kf8 59. g6 Nxf5 60. Qf7# 1-0